Molecular Studies of Carbon Dioxide (CO2) Capture and Sequestration (CCS)/ (Record no. 205235)
[ view plain ]
| 000 -LEADER | |
|---|---|
| fixed length control field | 00784nam a2200205 4500 |
| 005 - DATE AND TIME OF LATEST TRANSACTION | |
| control field | 20240823114608.0 |
| 010 ## - LCCN (DPL NO) | |
| LC control number | ENG-141389 |
| 020 ## - INTERNATIONAL STANDARD BOOK NUMBER | |
| International Standard Book Number | 9789384692087 |
| Terms of availability | 400.00 |
| 035 ## - SYSTEM CONTROL NUMBER | |
| System control number | EN-124921 |
| 037 ## - SOURCE OF ACQUISITION | |
| Source of stock number/acquisition | DBAD |
| 082 ## - DEWEY DECIMAL CLASSIFICATION NUMBER | |
| Classification number | 632.1 |
| 100 ## - MAIN ENTRY--PERSONAL NAME | |
| Personal name | Elumalai, S. |
| 245 ## - TITLE STATEMENT | |
| Title | Molecular Studies of Carbon Dioxide (CO2) Capture and Sequestration (CCS)/ |
| Statement of responsibility, etc | By S. Elumalai [and] G. Jegan |
| 260 ## - PUBLICATION, DISTRIBUTION, ETC. (IMPRINT) | |
| Place of publication, distribution, etc | Chennai |
| Name of publisher, distributor, etc | Digital age publishers |
| Date of publication, distribution, etc | 2018 |
| 270 ## - ADDRESS | |
| Address | 26,Vedantham colony,2nd cross street, |
| City | Chennai , Tamilnadu |
| Postal code | 600047 |
| Telephone number | 9551891745, 9941535005 |
| Electronic mail address | digitalagepublishers@gmail.com |
| 300 ## - PHYSICAL DESCRIPTION | |
| Extent | xxi,140p. |
| Dimensions | 24cm(pb) |
| 500 ## - GENERAL NOTE | |
| General note | By Microalgae from Selected Thermal Power Stations in India |
| 700 ## - ADDED ENTRY--PERSONAL NAME | |
| Personal name | Jegan, G. |
| Relator term | Author |
| 9 (RLIN) | 70471 |
| 942 ## - ADDED ENTRY ELEMENTS (KOHA) | |
| Source of classification or shelving scheme | Dewey Decimal Classification |
| Item type | English Books |
| Classification part | 6321.1 |
| Call number suffix | ELU |
| Withdrawn status | Lost status | Not for loan | Collection code | Home library | Current library | Date acquired | Source of acquisition | Cost, normal purchase price | Full call number | Barcode | Copy number | Cost, replacement price | Koha item type |
|---|---|---|---|---|---|---|---|---|---|---|---|---|---|
| Non-fiction | Shahdara Branch | Shahdara Branch | 23/08/2024 | Delivery of Books Act Division | 400.00 | 6321.1 ELU | EN-124921 | 1 | 400.00 | English Books |
